| 000 | 00497nam a2200133Ia 4500 | ||
|---|---|---|---|
| 008 | 250506s9999 xx 000 0 und d | ||
| 024 | _a14B-78-EL, 14B-21-EL, 13B-49-EL & 13B-09-EL | ||
| 082 | _a621.3781072 UME | ||
| 100 | _aUmer Ahmed, Hammad Hafeez, Syed Ahtesham Ali & Syed Waqas Ali | ||
| 245 | 0 | _aStabilizing Temperature and Humidity VIA PLC and Maintaining of Database | |
| 260 |
_aKarachi: _bUIT, _c2014 |
||
| 600 | _aComputer System Engineering | ||
| 650 | _aBachelor of Engineering (BE) | ||
| 999 |
_c28393 _d28393 |
||